000 01056nam a2200217Ia 4500
003 Ost
005 20260507075112.0
008 260507s9999||||xx |||||||||||||| ||und||
020 _ax279232977
040 _cfsecg
041 _aara
082 _a500
100 _aإبراهيم، مجدي عزيز
_eمؤلف
245 0 _aفاعليات تدريس الرياضيات في عصر المعلوماتية /
_c مجدي عزيز إبراهيم
260 _aالقاهرة:
_bعالم الكتب,
_c2002
300 _a182 صفحة؛
_bإيضاحات ؛
_c24 سم
504 _aببليوغرافيا:ص.191
520 _aالرياضيات في اللغة واللغة في الرياضيات،الرياضيات والفلسفة،الرياضيات في زمن تدريس زمن المضارع التام باللغة الانجليزية،تدريس الهندسة للتلاميذ بطيئ التعليم باستخدام أسلوب حل المشكلات،الدالة كمفهوم رياضي
653 _aالرياضيات
942 _cكتاب
999 _c42937
_d42937